Délvidéki Szellemi Találkozó

Elmentve itt :
Bibliográfiai részletek
Szerző: Batizfalvy János
Testületi szerző: Délvidéki Szellemi Találkozó (1944) (Szeged)
Dokumentumtípus: Cikk
Megjelent: 1944
Sorozat:Délvidéki szemle 3
Kulcsszavak:Művészet
Tárgyszavak:
Online Access:http://acta.bibl.u-szeged.hu/19425
LEADER 00760nab a2200205 i 4500
001 acta19425
005 20251008085351.0
008 161015s1944 hu o 000 hun d
040 |a SZTE Egyetemi Kiadványok Repozitórium  |b hun 
041 |a hun 
100 1 |a Batizfalvy János 
245 1 0 |a Délvidéki Szellemi Találkozó  |h [elektronikus dokumentum] /  |c  Batizfalvy János 
260 |c 1944 
300 |a 241-243 
490 0 |a Délvidéki szemle  |v 3 
650 4 |a Bölcsészettudományok 
650 4 |a Művészetek (művészetek, művészettörténet, előadóművészetek, zene) 
695 |a Művészet 
710 |a Délvidéki Szellemi Találkozó (1944) (Szeged) 
856 4 0 |u http://acta.bibl.u-szeged.hu/19425/1/delvideki_szemle_003_241-243.pdf  |z Dokumentum-elérés